| 000 | 01032nam0a2200289 4500 | ||
|---|---|---|---|
| 001 | RU\NLR\bibl\1324364 | ||
| 005 | 20260405143828.0 | ||
| 010 |
_a978-5-271-20283-4 _95000 |
||
| 021 |
_aRU _b2008-97583 _95722 |
||
| 035 | _a(NLR Aleph) 001309683 | ||
| 090 |
_a671538 _c671538 |
||
| 100 | _a20090203d2008 |||y0rusy50 ca | ||
| 101 | 0 | _arus | |
| 102 | _aRU | ||
| 105 | _aa ||||||||| | ||
| 200 | 1 |
_aУчимся лепить из пластилина: солнышко, лягушка, ящерица _fСергей Петров |
|
| 210 |
_aМосква _cАстрель _aСанкт-Петербург _cСова _d2008 |
||
| 215 |
_a31, [1] с. _cцв. ил. _d26 |
||
| 300 | _aНа обл. авт. не указан | ||
| 686 | _aШ993 | ||
| 700 | 1 |
_4070 _8rus _7ca _aПетров _bС. К. _cпедагог, методист _gСергей Кириллович _3RU\NLR\auth\7759514 _942445 |
|
| 801 | 0 |
_aRU _bNLR _c20090203 _gRCR |
|
| 801 | 1 |
_aRU _bNLR _c20090203 |
|
| 942 | _cBOOK | ||
| 980 | _aNB | ||